000 00749nam a2200277Ia 4500
008 160216s9999 xx 000 0 und d
020 _a1-4240-0296-6
050 _aMAIN PE 1128
050 _b.R64 2006
100 _aRogers, Bruce
245 _aComplete guide to the TOEIC test /
245 _cBruce Rogers.
250 _a3rd Edition
260 _aAustralia :
260 _bThomson.
260 _c2006
300 _a335 pages :
300 _bill. ;
300 _c28 cm.
650 _aEnglish language --
650 _aEnglish language --
650 _aTest of English for International Communication --
650 _xExaminations -- Study guides.
650 _xStudy guides.
650 _xTextbooks for foreign speakers.
999 _c290870
_d290870